Alessia Cara - Out Of Love Lyrics - Statistics

General Stats
  • This quiz has been taken 109 times
  • The average score is 195 of 218
Answer Stats
Lyrics % Correct
love
100%
me
100%
of
100%
out
100%
when
100%
you
100%
did
98%
oh
98%
with
98%
fall
97%
i
97%
a
95%
for
95%
to
95%
the
94%
no
92%
your
92%
can
91%
it
91%
not
91%
but
89%
say
89%
be
88%
could
88%
so
88%
thing
88%
won't
88%
ask
86%
let
86%
cause
85%
mind
85%
one
85%
change
83%
hold
83%
i'm
83%
stay
83%
that
83%
there's
83%
an
82%
nothing
82%
selfish
82%
sing
82%
song
82%
tell
80%
can't
79%
help
79%
lonely
79%
cry
77%
in
77%
my
77%
ocean
77%
will
77%
at
76%
feet
76%
space
76%
this
76%
fill
74%
helpless
74%
up
74%
what's
74%
know
73%
might
73%
now
73%
sleep
73%
longer
71%
that's
71%
already
70%
been
70%
question
70%
heart
68%
mend
68%
tears
68%
vain
67%
drained
64%
has
62%
use
62%
wondering
62%
float
61%
run
52%
wandered
52%
while
6%
No matching quizzes found
Score Distribution
Percent of People with Each Score
Percentile by Number Answered
Your Score History
You have not taken this quiz